000 00566nam a22001937a 4500
999 _c5875
_d5875
005 20251125075641.0
008 251125b ||||| |||| 00| 0 eng d
020 _a9781741857023
040 _cKH8
082 _a702 HIN
100 _e-1
245 _aCrazy Creations
260 _a45-55 Fairchild Street,Heatherton Victoria 3202 Australia
_bHinkler Books Pty Ltd
_c2010
300 _a47 pages
_bColour illustration
_c23cm x 30cm
520 _aHave fun while being creative!
650 _2Arts
_aJuvenile Literature
655 _aArt & Design
942 _2ddc
_cNFIC